| 000 | 00832nam a22001937a 4500 | ||
|---|---|---|---|
| 999 |
_c371327 _d371327 |
||
| 008 | 201127b ||||| |||| 00| 0 eng d | ||
| 040 |
_aDE-2950 _bger _cDE-2950 _erda |
||
| 041 | _ager | ||
| 245 |
_a"Pseudo-Protest" der Wendekinder. _bDemonstration: Die Viadrina-Dozentin Susann Worschech forscht zu Zivilgesellschaft und Protestkultur. Auch sie beobachtet die illegalen Versammlungen in Frankfurt (Oder). Für die Polizei hat sie einen Hinweis. / _cJacqueline Westermann |
||
| 264 | _c2022 | ||
| 653 | _aFrankfurt (Oder) | ||
| 653 | _aPandemie / Corona | ||
| 653 | _aDemonstrationen | ||
| 773 |
_dFrankfurt (Oder) Märkisches Verlags- und Druckhaus GmbH & Co KG _tMärkische Oderzeitung _g33. Jahrgang (2022) Nr. 14 vom 18.01.2022, S. 16 |
||
| 942 | _cA | ||